Modificaciones propuestas al Estándar/Norma Internacional de Educación 5 (IES 5). Requerimiento de experiencia práctica de la IAESB (Registro nro. 9449)

Detalles MARC
000 -LEADER
fixed length control field 00467 a2200121 4500
001 - CONTROL NUMBER
control field ART_9189
005 - DATE AND TIME OF LATEST TRANSACTION
control field 20260410161558.0
008 - FIXED-LENGTH DATA ELEMENTS--GENERAL INFORMATION
fixed length control field 260409a
100 1# - MAIN ENTRY--PERSONAL NAME
Personal name Subelet, María Cecilia
245 10 - TITLE STATEMENT
Title Modificaciones propuestas al Estándar/Norma Internacional de Educación 5 (IES 5). Requerimiento de experiencia práctica de la IAESB
700 1# - ADDED ENTRY--PERSONAL NAME
Personal name Subelet, Carlos Javier
773 0# - HOST ITEM ENTRY
Title Profesional & Empresaria
Related parts - Año XII, Nº 146 (nov. 2011)
Record control number REV70

No hay ítems disponibles.